Personnages des chroniques de vampires (Anne Rice) - Statistiques

Statistiques générales
  • Ce quiz a été pris 6 fois
  • Le résultat moyen est 38 sur 71
Statistiques - réponses
description: réponses % Correct
-ENTRETIENS AVEC UN VAMPIRE-
vampire au long cheveux blond:
Lestat De Lioncourt
100%
-LESTAT LE VAMPIRE- personnage principal et narrateur Lestat De Lioncourt
100%
-LA REINE DES DAMNES-
protagoniste et narrateur
Lestat De Lioncourt
100%
-LE VOLEUR DE CORPS-
personnage principal et narrateur
Lestat De Lioncourt
100%
-MEMNOCH LE DEMON-
personnage principal et narrateur
Lestat de Lioncourt
100%
ami endormi du protagoniste Lestat De Lioncourt
100%
Reine des vampires Akasha
80%
reine des Damnés Akasha
80%
Chef du Théâtre des Vampires Armand Amadeo
80%
Chef des enfants des ténèbres Armand Amadeo
80%
vampires aux cheveux aubruns Armand Amadeo
80%
-ARMAND LE VAMPIRE-
protagoniste et narrateur
Armand Amadeo
80%
Enfant vampire Claudia
80%
Journaliste Daniel Molloy
80%
personnage principale et narrateur: Louis Pointe Du Lac
80%
vampire mélancolique et dépréssif Louis Pointe Du Lac
80%
vampire mélancolique et dépressif Louis Pointe Du Lac
80%
vampire mélancolique et dépressif Louis Pointe Du Lac
80%
vampire mélancolique et depressif Louis Pointe Du Lac
80%
à donné le don ténébreux au protagoniste Magnus
80%
gardien de "ceux qu'il faut garder" Marius De Romanus
80%
ex gardien de "ceux qu'il faut garder" Marius De Romanus
80%
ex gardien de "ceux qu'il faut garder" Marius De Romanus
80%
mentor et père vampirique du protagoniste Marius De Romanus
80%
membre du théâtre des vampires Santiago
80%
esprit mauvais à l'origine des vampires Amel
60%
jeune vampire membre du gang des crocs Bébé Jenks
60%
jeune "enfant" du protagoniste Benji
60%
fille de joie bien aimé du protagoniste Bianca Solderini
60%
fille du traficant de drogue et religieuse Dora
60%
Roi des Vampires Enkil
60%
roi des vampires Enkil
60%
mère du protagoniste et narrateur Gabrielle De Lioncourt
60%
mère du protagoniste Gabrielle De Lioncourt
60%
vampire que tout le monde déteste Gabrielle De Lioncourt
60%
Nièce de la jumelle Jessica Reeves
60%
jumelle rousse Maharet
60%
jumelle rousse qui a perdu ses yeux Maharet
60%
jumelle rousse Mekare
60%
"Ami" violoniste du protagoniste Nicolas De Lenfent
60%
Vampire "des anciens" Pandora
60%
frère du narrateur Paul Pointe Du Lac
60%
Vampire "des anciens" Santino
60%
chef des enfants des ténèbres santino
60%
ancienne amie proche du narrateur Babette
40%
membre du théâtre des vampires Celeste
40%
le seigneur Dieu
40%
membre du théâtre des vampires Estelle
40%
sœur religieuse Gretchen
40%
satan Memnoch
40%
confrère humain et vénitien du protagoniste Riccardo
40%
"enfant" pianiste du protagoniste Sybelle
40%
frère ainé du protagoniste Augustin
20%
supérieur général du Talamasca Davide Talbot
20%
supérieur général du Talamasca Davide Talbot
20%
prête sa plume au protagoniste et narrateur Davide Talbot
20%
père du protagoniste Ivan
20%
ancien serviteur du roi et de la reine d'Egypte Khayman
20%
Jeune mère qui à perdu son enfant Madeleine
20%
vampire "des anciens" Mael
20%
chien du protagoniste Mojo
20%
Il amène les protagoniste à un autre "vampire" Morgan
20%
Voleur de corp Raglan James
20%
avocat du protagoniste Roget
20%
membre du groupe de Rock"Lestat le vampire" Alex
0%
accompagne le protagoniste à Paris dans le nouveau clan Allesandra
0%
membre du groupe de Rock "Lestat le vampire" Dure à Cuire
0%
frère violent de la pianiste Fox
0%
membre du groupe de Rock "Lestat le vampire" Larry
0%
à empoisonné le protagoniste Lord Harlech
0%
traficant de drogue Roger
0%
Aucun quiz correspondant
Distribution des résultats
% des personnes avec chaque résultat
Percentile par nombre de réponses
Votre historique - résultats
Vous n’avez pas pris ce quiz